Vector mechanics for engineers (Record no. 4856)

000 -LEADER
fixed length control field 00594nam a2200217 a 4500
001 - CONTROL NUMBER
control field 4856
003 - CONTROL NUMBER IDENTIFIER
control field BD-DhUET
008 - FIXED-LENGTH DATA ELEMENTS--GENERAL INFORMATION
fixed length control field 840307s1984 nyua 001 0 eng
020 ## - INTERNATIONAL STANDARD BOOK NUMBER
International Standard Book Number 0070044384
040 ## - CATALOGING SOURCE
Original cataloging agency DLC
Transcribing agency DLC
Modifying agency BD-DhUET
082 00 - DEWEY DECIMAL CLASSIFICATION NUMBER
Classification number 620.1
Item number BEE/1984
100 ## - MAIN ENTRY--PERSONAL NAME
Personal name Beer, Ferdinand P.
245 10 - TITLE STATEMENT
Title Vector mechanics for engineers
Remainder of title statics and dynamics
250 ## - EDITION STATEMENT
Edition statement 4th ed.
260 ## - PUBLICATION, DISTRIBUTION, ETC. (IMPRINT)
Place of publication, distribution, etc. New York
Name of publisher, distributor, etc. McGraw-Hill
Date of publication, distribution, etc. 1984
300 ## - PHYSICAL DESCRIPTION
Extent xxi, 926 p.
Other physical details ill.
Dimensions 24 cm.
504 ## - BIBLIOGRAPHY, ETC. NOTE
Bibliography, etc Includes bibliographies
650 #0 - SUBJECT ADDED ENTRY--TOPICAL TERM
Topical term or geographic name as entry element Engineering instruments
700 1# - ADDED ENTRY--PERSONAL NAME
Personal name Johnston, E. Russell
942 ## - ADDED ENTRY ELEMENTS (KOHA)
Koha item type General Book
Holdings
Copy number Koha issues (times borrowed) Date acquired Location (home branch) Source of classification or shelving scheme Koha full call number Shelving location Koha item type Koha date last seen Price effective from Sublocation or collection (holding branch) Piece designation (barcode) Withdrawn status Damaged status Not for loan Koha normalized classification for sorting Lost status Koha date last borrowed
1 2014-11-23Central Library, BUET 620.1/BEE/1984Circulation sectionGeneral Book2015-12-082014-11-23Central Library, BUET66051   620_100000000000000_BEE_1984  
122014-11-24Central Library, BUET 620.1/BEE/1984Circulation sectionGeneral Book2022-06-202014-11-24Central Library, BUET66042   620_000000000000000_1BEE1984 2022-06-12
142014-11-29Central Library, BUET 620.1/BEE/1984Circulation sectionGeneral Book2023-06-072014-11-29Central Library, BUET66086   620_100000000000000_BEE_1984 2023-01-10
4912014-12-11Central Library, BUET 620.1 /BEE/1984Circulation sectionGeneral Book2025-05-282014-12-11Central Library, BUET66044   620_100000000000000_BEE_1984 2025-04-30
1 2014-12-11Central Library, BUET 620.1/BEE/1984Circulation sectionGeneral Book2015-02-232014-12-11Central Library, BUET66012   620_100000000000000_BEE_1984  
6 2015-01-19Central Library, BUET 620.1/BEE/1984Circulation sectionGeneral Book2015-12-222015-01-19Central Library, BUET66043   620_100000000000000_BEE_1984  
712015-02-16Central Library, BUET 620.1/BEE/1984Circulation sectionGeneral Book2022-12-132015-02-16Central Library, BUET81336   620_100000000000000_BEE_1984 2022-11-21
112015-04-01Central Library, BUET 620.1/BEE/1984Circulation sectionGeneral Book2018-04-302015-04-01Central Library, BUET66048   620_100000000000000_BEE_1984 2018-04-18
9 2015-06-21Central Library, BUET 620.1/BEE/1984Reading sectionReading Item2015-06-212015-06-21Central Library, BUET66015   620_100000000000000_BEE_1984  
10 2015-06-22Central Library, BUET 620.1/BEE/1984Reading sectionGeneral Book2015-06-222015-06-22Central Library, BUET66014   620_100000000000000_BEE_1984  
11 2015-06-22Central Library, BUET 620.1/BEE/1984Reading sectionGeneral Book2015-06-222015-06-22Central Library, BUET66013   620_100000000000000_BEE_1984  
12 2015-06-29Central Library, BUET 620.01/BEE/1984Reading sectionReading Item2015-06-292015-06-29Central Library, BUET66095   620_010000000000000_BEE_1984  
13 2015-07-28Central Library, BUET 620.1/BEE/1984Circulation sectionGeneral Book2015-07-282015-07-28Central Library, BUET75502   620_100000000000000_BEE_1984